000 01146nam a2200145Ia 4500
008 220216s9999 xx 000 0 und d
100 _aAftab Alam
245 0 _aEstimation of protein contamination in latex
260 _bRubber World
_c1996
300 _a4, 17
520 _aLatex contains a significant amount of water soluble proteins. Latex products such as gloves, condoms and surgical blooms come into contact with humans and contaminating proteins pose health risks. Latex protein is easily absorbed through the skin and can trigger allergic responses. Because of this health risk associated with latex protein, latex-based products likely to come into contact with humans require removal of the protein and careful monitoring of the protein content of the finished product. This study has shown that the dotMetric protein assay is highly reproducible and simple to perform. It has been compared to the standard Lowry method generally used for estimation of protein in latex products and found to be more sensitive in that it detected as little as 5mg/ml of protein.
650 _aLatex
650 _aProtein contamination
942 _cJS
999 _c58829
_d58829